Computer, Networks. (Record no. 4370)

MARC details
005 - DATE AND TIME OF LATEST TRANSACTION
control field 20250628152447.0
020 ## - INTERNATIONAL STANDARD BOOK NUMBER
International Standard Book Number 978-93-325-1874-2
082 ## - DEWEY DECIMAL CLASSIFICATION NUMBER
Classification number 004.6 TAN
100 ## - MAIN ENTRY--PERSONAL NAME
Author name TANENBAUM, A. S.
245 ## - TITLE STATEMENT
Title Computer, Networks.
250 ## - EDITION STATEMENT
Edition statement 5th Ed.
260 ## - PUBLICATION, DISTRIBUTION, ETC.
Place of publication, distribution, etc. New York,
Name of publisher, distributor, etc. Pearson,
Date of publication, distribution, etc. 2019.
300 ## - PHYSICAL DESCRIPTION
Extent 789p.; ill.; figure, table
Other physical details Index
Dimensions 24cm
700 ## - ADDED ENTRY--PERSONAL NAME
Other authors/Editors WETHERALL, D. J.
942 ## - ADDED ENTRY ELEMENTS (KOHA)
Source of classification or shelving scheme Dewey Decimal Classification
Koha item type Books
Holdings
Date last seen Total checkouts Full call number Barcode Cost, replacement price Price effective from Koha item type Lost status Source of classification or shelving scheme Damaged status Not for loan Withdrawn status Home library Current library Shelving location Date acquired Cost, normal purchase price
06/19/2025   004.6 TAN DOM0003538 165000.00 06/19/2025 Books   Dewey Decimal Classification       CBE Dodoma CBE Dodoma Special Reserve Collection 06/01/2020 55000.00
06/19/2025   004.6 TAN DOM0003539 165000.00 06/19/2025 Books   Dewey Decimal Classification       CBE Dodoma CBE Dodoma Special Reserve Collection 06/01/2020 55000.00
06/28/2025   004.6 TAN DOM0002485 165000.00 06/28/2025 Books   Dewey Decimal Classification       CBE Dodoma CBE Dodoma General Collection 06/01/2020 55000.00